Quiz o Mieście Mielec - Statystyki

Ogólne statystyki
  • Ten quiz został rozwiązany 103 razy
  • Średni wynik to 4 z 8
Statystyki odpowiedzi
Hint Odpowiedź % Poprawnych
Województwo Podkarpackie
96%
Klub Piłkarski Stal Mielec
96%
Tablica Rejestracyjna RMI
95%
Produkowany Śmigłowiec Black Hawk
54%
Prezydent Mielca Jacek Wiśniewski
53%
Prawa Miejskie 1470
22%
Dewiza Tu rozwijają się skrzydła
21%
Powierzchnia 47km
4%
Nie znaleziono quizów pasujących do podanych kryteriów
Rozkład punktacji
Procent ludzi z każdym wynikiem
Percentyl według liczby udzielonych odpowiedzi
Twoja historia wyników
Nie rozwiązałeś tego quizu